[Event "GER-ch U10"]
[Site "Willingen"]
[Date "2020.10.30"]
[Round "6"]
[White "Conrad, Marius"]
[Black "Wolff, Calvin"]
[Result "0-1"]
[WhiteElo "1645"]
[BlackElo "1219"]
[PlyCount "76"]
[EventDate "2020.10.26"]
[EventType "swiss"]
[EventRounds "7"]
[EventCountry "GER"]
[SourceTitle "CBM 199 Extra"]
[Source "ChessBase"]
[SourceDate "2021.01.31"]
[SourceVersion "1"]
[SourceVersionDate "2021.01.31"]
[SourceQuality "1"]

1. e4 e5 2. Nf3 Nc6 3. Bc4 Bc5 4. c3 Nf6 5. d3 0-0 6. 0-0 d6 7. a4 a6 8. h3 Ne7 9. Na3 Ng6 10. Re1 Be6 11. Bxe6 fxe6 12. d4 exd4 13. cxd4 Bb4 14. Bd2 Bxd2 15. Qxd2 d5 16. exd5 exd5 17. Ng5 Re8 18. Rxe8+ Qxe8 19. b3 Qe7 20. Nc2 h6 21. Re1 Qd6 22. Nf3 Ne4 23. Qc1 Nf4 24. Re3 Qg6 25. Nh4 Qg5 26. g3 Nxh3+ 27. Kf1 Rf8 28. f4 Rxf4+ 29. Ke1 Nxg3 30. Kd2 Nf1+ 31. Kc3 Nxe3 32. Qxe3 Qxh4 33. Qe6+ Kh7 34. Qxd5 Qf6 35. Kb2 Rf2 36. b4 c6 37. Qe4+ Qf5 38. Qxf5+ Rxf5 0-1

[Event "GER-ch U10"]
[Site "Willingen"]
[Date "2020.10.29"]
[Round "4"]
[White "Conrad, Marius"]
[Black "Ehrath, Hendrik"]
[Result "1/2-1/2"]
[WhiteElo "1645"]
[BlackElo "1193"]
[PlyCount "100"]
[EventDate "2020.10.26"]
[EventType "swiss"]
[EventRounds "7"]
[EventCountry "GER"]
[SourceTitle "CBM 199 Extra"]
[Source "ChessBase"]
[SourceDate "2021.01.31"]
[SourceVersion "1"]
[SourceVersionDate "2021.01.31"]
[SourceQuality "1"]

1. e4 e5 2. Nf3 Nc6 3. Bc4 Bc5 4. c3 Nf6 5. d3 d5 6. exd5 Nxd5 7. 0-0 Bg4 8. Nbd2 0-0 9. h3 Bh5 10. Ne4 Be7 11. Re1 Bf6 12. Nxf6+ Nxf6 13. Bg5 Re8 14. b4 a6 15. a4 b6 16. Re3 Rf8 17. Qb3 Qe7 18. Bd5 Qd6 19. Bc4 Rad8 20. Rae1 Rde8 21. Bxa6 Nd5 22. Re4 Nf6 23. Bxf6 Qxf6 24. R4e3 Nb8 25. Bb5 c6 26. Bc4 Re7 27. d4 e4 28. Nd2 Bg6 29. Qc2 Rfe8 30. Nxe4 Bxe4 31. Rxe4 g6 32. Rxe7 Rxe7 33. Rxe7 Qxe7 34. Qd2 Nd7 35. Qf4 Nf6 36. Qb8+ Kg7 37. Qxb6 Qe1+ 38. Kh2 Qxc3 39. Qc5 Qc1 40. g3 Qc2 41. d5 cxd5 42. Bxd5 Qxc5 43. bxc5 Nxd5 44. a5 Nb4 45. Kg2 Kf6 46. Kf3 Ke5 47. Kg4 h6 48. f4+ Ke6 49. h4 f5+ 50. Kf3 h5 1/2-1/2

[Event "GER-ch U10"]
[Site "Willingen"]
[Date "2020.10.27"]
[Round "1"]
[White "Neuhoff, Laertes"]
[Black "Conrad, Marius"]
[Result "1-0"]
[WhiteElo "1655"]
[BlackElo "1645"]
[PlyCount "83"]
[EventDate "2020.10.26"]
[EventType "swiss"]
[EventRounds "7"]
[EventCountry "GER"]
[SourceTitle "CBM 199 Extra"]
[Source "ChessBase"]
[SourceDate "2021.01.31"]
[SourceVersion "1"]
[SourceVersionDate "2021.01.31"]
[SourceQuality "1"]

1. e4 e5 2. Nf3 Nc6 3. d4 exd4 4. Bc4 Bc5 5. c3 Nf6 6. e5 d5 7. Bb5 Ne4 8. cxd4 Bb4+ 9. Bd2 Bxd2+ 10. Nbxd2 0-0 11. Bxc6 bxc6 12. 0-0 Bg4 13. Qc2 Nxd2 14. Nxd2 Qg5 15. f4 Qh6 16. Rac1 Be2 17. Rf2 Bb5 18. a4 Bc4 19. Nxc4 dxc4 20. Qxc4 Rad8 21. Qxc6 Rxd4 22. Qxh6 gxh6 23. Rxc7 Rxa4 24. g3 Rb8 25. Rfc2 Rb6 26. R7c6 Rb7 27. Rxh6 Ra2 28. e6 fxe6 29. Rxe6 Rbxb2 30. Rxb2 Rxb2 31. Ra6 Rb1+ 32. Kg2 Rb7 33. Kf3 Kf8 34. f5 Ke7 35. Kf4 Kf7 36. Kg5 h6+ 37. Rxh6 Rb2 38. Rh7+ Kg8 39. Rxa7 Rxh2 40. Kg6 Kf8 41. f6 Ke8 42. f7+ 1-0

[Event "GER-chT U10"]
[Site "Magdeburg"]
[Date "2019.12.29"]
[Round "7.3"]
[White "Conrad, Marius"]
[Black "Lu, Yunong Elias"]
[Result "0-1"]
[WhiteElo "1411"]
[BlackElo "1397"]
[PlyCount "124"]
[EventDate "2019.12.27"]
[EventType "team-swiss"]
[EventRounds "7"]
[EventCountry "GER"]
[SourceTitle "CBM 194 Extra"]
[Source "ChessBase"]
[SourceDate "2020.03.31"]
[SourceVersion "1"]
[SourceVersionDate "2020.03.31"]
[SourceQuality "1"]
[WhiteTeam "Magdeburg Schachzwerge"]
[BlackTeam "Hamburger SK"]
[WhiteTeamCountry "GER"]
[BlackTeamCountry "GER"]

1. e4 e5 2. Nf3 Nc6 3. Bc4 Bc5 4. c3 Nf6 5. d3 d6 6. a4 a6 7. Na3 0-0 8. 0-0 Be6 9. Ba2 h6 10. Nc2 Qd7 11. Be3 Ba7 12. Qd2 Ng4 13. Rfe1 Nxe3 14. Nxe3 Ne7 15. d4 Ng6 16. Red1 Bxa2 17. Rxa2 Qe6 18. Raa1 exd4 19. cxd4 Qxe4 20. Rac1 Rac8 21. Rc4 Qe6 22. Qb4 b6 23. Rdc1 c5 24. Qa3 cxd4 25. Rxc8 Rxc8 26. Rxc8+ Qxc8 27. Nxd4 Qc5 28. Qxc5 bxc5 29. Ndf5 Bb8 30. Nc4 d5 31. Nce3 d4 32. Nc4 Kf8 33. Kf1 Ne7 34. Ng3 Bxg3 35. fxg3 Nd5 36. Ke2 Ke7 37. Kd3 Ke6 38. Ke4 f5+ 39. Kd3 f4 40. gxf4 Nxf4+ 41. Ke4 Nxg2 42. Na5 Kd6 43. Kd3 Kd5 44. b3 Ne1+ 45. Ke2 Nc2 46. Kd2 Ne3 47. Kd3 g5 48. Ke2 g4 49. Kf2 h5 50. Ke2 h4 51. Kf2 g3+ 52. hxg3 hxg3+ 53. Kxg3 d3 54. Nc4 Nxc4 55. Kf2 Nb2 56. Ke3 a5 57. Kd2 Kd4 58. Kc1 Nd1 59. Kxd1 Kc3 60. Kc1 d2+ 61. Kd1 Kd3 62. b4 c4 0-1